000 00866nam a2200217 i 4500
001 180624
003 ES-MaACL
005 20250815113048.0
008 120619s1976 sp a |||| | spa d
080 _a547(043.2)
100 1 _aCasas Oliver, Juan.
_9150638
245 1 0 _aCiclación intramolecular de de [sic] mono y bis - - diazocetonas síntesis alternativa del vulvaleno a travésde una doble transposición... /
_cpor Juan Casas Oliver.
260 _aBarcelona :
_bUniversidad, Secretariado de Publicaciones, Intercambio Científico y Extensión Universitaria,
_c1976.
300 _a16 p. :
_bil. ;
_c24 cm.
502 _aTesis Univ. Barcelona (Extracto)
504 _aBibliografía : p. 16.
650 7 _aQuímica orgánica
_2embne
_9136799
710 2 _aUniversidad de Barcelona.
_97141
852 _aES-MaACL
_jE-15362(163)
999 _c180624
_d180624